|
|
|
|
| LEADER |
01937nam a2200457 i 4500 |
| 001 |
EBC4635191 |
| 003 |
MiAaPQ |
| 005 |
20200520144314.0 |
| 006 |
m o d | |
| 007 |
cr cnu|||||||| |
| 008 |
160902t20162016enka ob 001 0 eng d |
| 020 |
|
|
|z 9781785607974
|
| 020 |
|
|
|a 9781785607967 (e-book)
|
| 035 |
|
|
|a (MiAaPQ)EBC4635191
|
| 035 |
|
|
|a (Au-PeEL)EBL4635191
|
| 035 |
|
|
|a (CaPaEBR)ebr11246653
|
| 035 |
|
|
|a (CaONFJC)MIL945369
|
| 035 |
|
|
|a (OCoLC)956520794
|
| 040 |
|
|
|a MiAaPQ
|b eng
|e rda
|e pn
|c MiAaPQ
|d MiAaPQ
|
| 050 |
|
4 |
|a HT421
|b .M487 2016
|
| 082 |
0 |
|
|a 307.72
|2 23
|
| 245 |
0 |
0 |
|a Metropolitan ruralities /
|c edited by Kjell Andersson [and four others].
|
| 250 |
|
|
|a First edition.
|
| 264 |
|
1 |
|a Bingley, England :
|b Emerald,
|c 2016.
|
| 264 |
|
4 |
|c 2016
|
| 300 |
|
|
|a 1 online resource (359 pages) :
|b illustrations, tables.
|
| 336 |
|
|
|a text
|2 rdacontent
|
| 337 |
|
|
|a computer
|2 rdamedia
|
| 338 |
|
|
|a online resource
|2 rdacarrier
|
| 490 |
1 |
|
|a Research in Rural Sociology and Development ;
|v Volume 23
|
| 504 |
|
|
|a Includes bibliographical references at the end of each chapters and index.
|
| 588 |
|
|
|a Description based on online resource; title from PDF title page (ebrary, viewed September 1, 2016).
|
| 590 |
|
|
|a Electronic reproduction. Ann Arbor, MI : ProQuest, 2016. Available via World Wide Web. Access may be limited to ProQuest affiliated libraries.
|
| 650 |
|
0 |
|a Sociology, Rural.
|
| 650 |
|
0 |
|a Urban policy.
|
| 655 |
|
4 |
|a Electronic books.
|
| 700 |
1 |
|
|a Andersson, Kjell,
|e editor.
|
| 776 |
0 |
8 |
|i Print version:
|t Metropolitan ruralities.
|b First edition.
|d Bingley, England : Emerald, c2016
|h xviii, 340 pages
|k Research in rural sociology and development ; Volume 23.
|z 9781785607974
|
| 797 |
2 |
|
|a ProQuest (Firm)
|
| 830 |
|
0 |
|a Research in rural sociology and development ;
|v Volume 23.
|
| 856 |
4 |
0 |
|u https://ebookcentral.proquest.com/lib/matrademy/detail.action?docID=4635191
|z Click to View
|